The influence of financial learning and filial piety on retirement planning in Malaysia /
Saved in:
| 主要作者: | |
|---|---|
| 格式: | Thesis 圖書 |
| 語言: | English |
| 出版: |
2012.
|
| 主題: | |
| 在線閱讀: | http://studentsrepo.um.edu.my/3422/ |
| 標簽: |
添加標簽
沒有標簽, 成為第一個標記此記錄!
|
| LEADER | 01168cam a2200301 a 4500 | ||
|---|---|---|---|
| 001 | u855264 | ||
| 003 | SIRSI | ||
| 005 | 201204191641 | ||
| 008 | 120419s2012 my a t 000 0 eng m | ||
| 040 | |a UMM |d AUM |e rda | ||
| 043 | |a a-my--- | ||
| 090 | |a JF1338 |b UMP 2012 Fol | ||
| 100 | 1 | |a Folk, Jee Yoong. | |
| 245 | 1 | 4 | |a The influence of financial learning and filial piety on retirement planning in Malaysia / |c Folk Jee Yoong. |
| 260 | |c 2012. | ||
| 300 | |a xiv, 289 leaves : |b ill. ; |c 30 cm. | ||
| 502 | |a Thesis (Ph.D) -- Institut Pengajian Siswazah, Universiti Malaya, 2012. | ||
| 504 | |a Bibliography: leaves 248-280. | ||
| 530 | |a Also issued in CD. | ||
| 650 | 0 | |a Retirement income |x Planning. | |
| 650 | 0 | |a Finance, Personal. | |
| 650 | 0 | |a Retirement |z Malaysia |x Planning. | |
| 650 | 0 | |a Filial piety |z Malaysia. | |
| 856 | 4 | 1 | |u http://studentsrepo.um.edu.my/3422/ |
| 900 | |a ZA | ||
| 596 | |a 1 25 | ||
| 999 | |a JF1338 UMP 2012 FOL |w LC |c 1 |i A515067648 |d 27/4/2019 |e 27/4/2019 |f 31/10/2012 |g 1 |l STACKS |m P01UTAMA |n 11 |r Y |s Y |t TESIS |u 31/10/2012 | ||
| 999 | |a JF1338 UMP 2012 FOL |w LC |c 1 |i A515067617 |f 17/7/2023 |g 1 |l STACKS |m P25UMARCHI |r N |s Y |t CD |u 25/6/2015 |1 AHSS |o .STAFF. MST-CD4047 | ||
